000 00804nam a2200265 a 4500
001 56994
003 BD-RjUL
005 20211209080446.0
008 161205s1989 caua b 001 0 eng
020 _a0520021355
035 _a(BD-RjUL)57118
040 _aDLC
_cDLC
_dDLC
_beng
041 _aeng
082 0 0 _a294.538
_223
_bBHH 1989
100 1 _aBhardwaj, Surinder Mohan.
_9169373
245 1 0 _aHindu places of pilgrimage in India :
_ba study in cultural geography. /
260 _aBerkeley :
_bUniversity of California Press,
_c1989
300 _axviii, 258 p. :
_billus. ;
_c24 cm.
350 _a$12.00
504 _aBibliography: p. 233-247.
650 0 _aPilgrims and pilgrimages
_zIndia.
_9169374
650 0 _aHindu shrines
_zIndia.
_9169375
942 _2ddc
_cBK
999 _c56994
_d56994